000 00647nam a2200181 a 4500
001 000001764
005 20200929145706.0
008 090626s2008 es a 001 0 spa d
020 _a9788437624402
040 _aDO-SdBNP
_bspa
_cBNPHU
100 1 _aAparicio Maydeu, Javier
_95740
245 1 0 _aLecturas de ficción contemporánea :
_bde Kafka a Ishiguro /
_cJavier Aparicio Maydeu.
260 _aMadrid :
_bGrupo Anaya,
_c2008.
300 _a727 p. :
_bil., map. ;
_c22 cm.
500 _aIncluye índice
504 _aIncluye referencias bibliográficas y notas al pie de las páginas
504 _aIncluye bibliografías (p. 23-28 - 287-291-611-612)
999 _c1641
_d1641